Statistiques concernant les équipes de Zinédine Zidane

Cliquez ici pour prendre le quiz!

Statistiques générales

  • Ce quiz a été pris 396 fois
  • Le résultat moyen est 7 sur 7

Statistiques - réponses

annéeséquipes% Correct
2016-2018Real Madrid
99%
2001-2006Real Madrid
99%
2014-2016Real Madrid Castilla
99%
1996-2001Juventus Turin
98%
1992-1996Girondins de Bordeaux
94%
1989-1992AS Cannes
86%
1994-2006France
84%

Distribution des résultats

Percentile par nombre de réponses

% des personnes avec chaque résultat

Votre développement - résultats

Vous n’avez pas pris ce quiz